Ekonomické hodnotenie podniku s dôrazom na jeho finančné charakteristiky

Ekonomické hodnotenie podniku poskytuje dôležité informácie potrebné na to, aby mohol byť podnik efektívne riadený, aby dokázal obstáť v silnom konkurenčnom prostredí. Z tohto dôvodu je ekonomické hodnotenie s použitím vybraných metód a postupov finančno-ekonomickej analýzy dôležité najmä pre manažé...

Descrizione completa

Salvato in:
Dettagli Bibliografici
Autore principale: Bartošová, Viera
Natura: Capitolo di libro
Lingua:slovacco
Soggetti:
Tags: Aggiungi Tag
Nessun Tag, puoi essere il primo ad aggiungerne!!

MARC

LEADER 00000naa a2200000 4500
001 0278383
005 20210908210401.7
041 0 |a slo 
044 |a SK 
245 1 0 |a Ekonomické hodnotenie podniku s dôrazom na jeho finančné charakteristiky  |c Viera Bartošová 
520 |a Ekonomické hodnotenie podniku poskytuje dôležité informácie potrebné na to, aby mohol byť podnik efektívne riadený, aby dokázal obstáť v silnom konkurenčnom prostredí. Z tohto dôvodu je ekonomické hodnotenie s použitím vybraných metód a postupov finančno-ekonomickej analýzy dôležité najmä pre manažérov podniku, aj pre iné subjekty, ktoré sa o finančné zdravie podniku a jeho pozíciu z rôznych dôvodov zaujímajú. 
610 2 0 |a hodnota podniku 
610 2 0 |a konkurencieschopnosť 
610 2 0 |a oceňovanie 
610 2 0 |a metódy 
610 2 0 |a analýza finančná 
610 2 0 |a informácie 
610 2 0 |a manažéri 
100 1 |a Bartošová, Viera